| 000 | 00443nam a22001697a 4500 | ||
|---|---|---|---|
| 005 | 20260204103756.0 | ||
| 008 | 260204b |||||||| |||| 00| 0 eng d | ||
| 020 | _a9698896015 | ||
| 040 | _cPK-LaNCA | ||
| 082 |
_a759.95491 _bSIR |
||
| 100 | _aSirhandi, Marcella Nesom | ||
| 245 | _aLubna Agha | ||
| 260 |
_aFoundation of Museum of Modern Art (FOMMA) _bKarachi _c2006 |
||
| 300 | _a70p.; ills | ||
| 650 | _aPainter - Pakistan | ||
| 942 | _cBK | ||
| 999 |
_c67119 _d67119 |
||